| 000 | 00934cam a22003134a 4500 | ||
|---|---|---|---|
| 001 | 14414738 | ||
| 003 | OSt | ||
| 005 | 20140310184336.0 | ||
| 008 | 060615s2006 nyu j 000 0 eng | ||
| 010 | _a 2006277756 | ||
| 020 | _a043979207X | ||
| 040 |
_aDLC _cDLC |
||
| 050 | 0 | 0 |
_aQL 100.5 _b.Z85 2006 |
| 082 | 0 | 0 | _a591.6/5 |
| 100 | 1 |
_aZullo, Allan. _914501 |
|
| 245 | 1 | 0 |
_aSurviving sharks and other dangerous creatures / _cby Allan Zullo. |
| 260 |
_aNew York : _bScholastic, _cc2006. |
||
| 300 |
_a151 p. ; _c20 cm. |
||
| 490 | 0 | _aTen true tales | |
| 521 | _aG8 | ||
| 526 | _c930 | ||
| 650 | 0 |
_aAnimal attacks _vJuvenile literature. _924125 |
|
| 906 |
_a7 _bcbc _corignew _d2 _encip _f20 _gy-gencatlg |
||
| 942 |
_2lcc _cBK-SCHOLAS |
||
| 999 |
_c33731 _d33731 |
||